UBT Library

E DREJTA E KONKURRENCES NE ( NE BE,KOSOVE DHE MAQEDONI E VERIUT) (Record no. 60263)

000 -LEADER
fixed length control field 00374nam a22001457a 4500
008 - FIXED-LENGTH DATA ELEMENTS--GENERAL INFORMATION
fixed length control field 230906b ||||| |||| 00| 0 eng d
020 ## - INTERNATIONAL STANDARD BOOK NUMBER
International Standard Book Number 9789951550482
041 ## - LANGUAGE CODE
Language code of text/sound track or separate title Shqip
080 ## - UNIVERSAL DECIMAL CLASSIFICATION NUMBER
Edition identifier BOTIMI 1
Universal Decimal Classification number 34
082 ## - DEWEY DECIMAL CLASSIFICATION NUMBER
Classification number 34
100 ## - Rafti
Rafti 31
101 ## - Shkurtesa
Shkurtesa JUR
245 ## - TITLE STATEMENT
Title E DREJTA E KONKURRENCES NE ( NE BE,KOSOVE DHE MAQEDONI E VERIUT)
Statement of responsibility, etc OSMANJAJ.E A.JASHARI
942 ## - ADDED ENTRY ELEMENTS (KOHA)
Source of classification or shelving scheme
Item type Books
Holdings
Withdrawn status Lost status Source of classification or shelving scheme Damaged status Not for loan Collection code Permanent location Current location Date acquired Total Checkouts Full call number Barcode Date last seen Price effective from Koha item type
          Koleksioni i përgjithshem UBT - Lipjan UBT - Lipjan 09/06/2023   34 002-800070180 09/06/2023 09/06/2023 Books
          Koleksioni i përgjithshem UBT - Lipjan UBT - Lipjan 09/06/2023   34 002-800070181 09/06/2023 09/06/2023 Books
          Koleksioni i përgjithshem UBT - Lipjan UBT - Lipjan 09/06/2023   34 002-800070182 09/06/2023 09/06/2023 Books
          Koleksioni i përgjithshem UBT - Lipjan UBT - Lipjan 09/06/2023   34 002-800070183 09/06/2023 09/06/2023 Books
          Koleksioni i përgjithshem UBT - Lipjan UBT - Lipjan 09/06/2023   34 002-800070184 09/06/2023 09/06/2023 Books
UBT Library © 2015-2024. All rights reserved University Education for Business and Technology